Normal view MARC view

Entry Genre/Form Term

Number of records used in: 1

001 - CONTROL NUMBER

  • control field: 14849

003 - CONTROL NUMBER IDENTIFIER

  • control field: TZ-ArACH

005 - DATE AND TIME OF LATEST TRANSACTION

  • control field: 20150326100313.0

008 - FIXED-LENGTH DATA ELEMENTS

  • fixed length control field: 150326|||a|||||| | ||| d

040 ## - CATALOGING SOURCE

  • Original cataloging agency: TZ-ArACH
  • Transcribing agency: TZ-ArACH

155 ## - HEADING--GENRE/FORM TERM

  • Genre/form term: Rules.

670 ## - SOURCE DATA FOUND

  • Source citation: Work cat.: (TZ-ArACH)2976: Kolb, Robert, author. 14840, International Court of Justice /

670 ## - SOURCE DATA FOUND

  • Source citation: Work cat.: (TZ-ArACH)2976: Kolb, Robert, author. 14840, International Court of Justice /

African Court on Human and Peoples' Rights | For Inquiries Contact » +255 272 510 510